000 00645nam a2200205 a 4500
001 000022851
005 20200930021833.0
008 101119s1981 mx r 001 0 spa d
020 _a9682302773
040 _aDO-SdBNP
_bspa
_cBNPHU
082 _axxxx
_bM741h
100 1 _aMondolfo, Rodolfo
_946962
245 1 0 _aHeráclito :
_bTextos y problemas de su interpretación /
_cRodolfo Mondolfo.
250 _a6a ed.
260 _aMéxico, D. F. :
_bSiglo XXI,
_c1981.
300 _axii, 394 p. ;
_c21 cm.
500 _aIncluye índice de textos.
504 _aIncluye referencias bibliográficas y notas al pie de las páginas.
049 _aBNGR
999 _c22348
_d22348